|
|
|
|
| LEADER |
00000nab a2200000 ar4500 |
| 001 |
vtls009008234 |
| 003 |
SK-MaSNL |
| 005 |
20260303065511.0 |
| 008 |
070721c19760407xo mr|||||||||000 b|slo |
| 015 |
|
|
|a SNKBUCL2007/07
|2 snkbucl
|
| 038 |
|
|
|a SNKBUCL
|
| 040 |
|
|
|a SNKBUCL
|b slo
|c SNKBUCL
|e AACR2
|
| 041 |
0 |
|
|a slo
|
| 044 |
|
|
|a xo
|c SK
|
| 080 |
|
|
|a 796.386.093.1
|x (4)
|2 2001
|
| 100 |
1 |
|
|a Šimo, Marián,
|d 1949-
|4 aut
|9 110441
|
| 245 |
1 |
0 |
|a Rozhoduje každá chybička
|b (pohľad na ME, tentoraz nielen cez výsledky)
|c Marián Šimo
|
| 611 |
2 |
7 |
|a Majstrovstvá Európy v stolnom tenise
|d (1976)
|2 snkbucl
|9 1065637
|
| 650 |
0 |
7 |
|a stolný tenis
|2 snkbucl
|9 25562
|
| 773 |
0 |
|
|t Šport
|g (7.4.1976), s. 5
|
| 852 |
|
|
|a SNK
|b KIS3GCP
|
| 999 |
|
|
|c 1751443
|d 1753373
|